Deset let důchodového pojištění v ČR jako členské země EU

Český dôchodkový systém, vychádazjúci z tradície československého systému sociálneho poistenia. Proces transformácie po roku 1989 a vývoj dôchodkovej reformy. Finančná udržateľnosť a perspektívy dôchodkovej reformy v ČR.

Uložené v:
Podrobná bibliografia
Hlavný autor: Holub, Martin
Ďalší autori: Šlapák, Milan
Médium: Kapitola
Jazyk:Czech
Predmet:
Tagy: Pridať tag
Žiadne tagy, Buďte prvý, kto otaguje tento záznam!

MARC

LEADER 00000naa a2200000 4500
001 0200294
005 20221019175428.5
041 0 |a cze 
044 |a CZ 
245 1 0 |a Deset let důchodového pojištění v ČR jako členské země EU  |c Martin Holub, Milan Šlapák 
520 |a Český dôchodkový systém, vychádazjúci z tradície československého systému sociálneho poistenia. Proces transformácie po roku 1989 a vývoj dôchodkovej reformy. Finančná udržateľnosť a perspektívy dôchodkovej reformy v ČR. 
610 2 0 |a Česko 
610 2 0 |a systémy dôchodkové 
610 2 0 |a reformy dôchodkové 
610 2 0 |a poistenie sociálne 
610 2 0 |a transformácia 
610 2 0 |a fond zabezpečenia dôchodkového 
100 1 |a Holub, Martin 
700 1 |a Šlapák, Milan